Language Quiz

Random Language Quiz
Score 0/22 Timer 15:00
0 Plays Today
Hint Answer % Correct
faciēs, FACIĒĪ (F.)face
90%
marītus, MARĪTĪ (M.)Husband
80%
dormiō, DORMĪRE, DORMĪVĪ, DORMĪTUMto sleep
80%
siif
80%
dea, DEAE (F.)Goddess
70%
diēs, DIĒĪ (M./F.)Day
70%
pater, PATRIS (M.)Father
70%
rēs, REĪ (F.)thing
70%
somnus, SOMNĪ (M.)sleep
70%
uxor, UXŌRIS (F.)wife
70%
colō, COLERE, COLUĪ, CULTUMcultivate
70%
Hint Answer % Correct
exclāmō, EXCLĀMĀRE, EXCLĀMĀVĪ, EXCLĀMĀTUMto exclaim
70%
itaso
70%
fātum, FĀTĪ (N.)fate
60%
merīdiēs, MERĪDIĒĪ (M.)Midday
60%
occultō, OCCULTĀRE, OCCULTĀVĪ, OCCULTĀTUMto hide
60%
quaerō, QUAERERE, QUAESĪVĪ, QUAESĪTUMto look for
60%
post (+ ACCUSATIVE)after
60%
excitō, EXCITĀRE, EXCITĀVĪ, EXCITĀTUMto wake
50%
multummuch
50%
tamso
50%
cumwhen
50%
Remove Ads.
Support Sporcle.
Get the best of Sporcle when you Go Orange. This ad-free experience offers more features, more stats, and more fun while also helping to support Sporcle. Thank you for becoming a member.

You're not logged in!

Compare scores with friends on all Sporcle quizzes.
OR
Log In

Show Comments

Extras

Created Jan 22, 2015ReportNominate
Tags:Chapter

Top Quizzes Today


Score Distribution

Your Account Isn't Verified!

In order to create a playlist on Sporcle, you need to verify the email address you used during registration. Go to your Sporcle Settings to finish the process.

Report this User

Report this user for behavior that violates our Community Guidelines.

Details: